[Event "4NCL Division 3 North"]
[Site "Doncaster, ENG"]
[Date "2021.11.20"]
[Round "1.34"]
[White "Donahue, Randolph E"]
[Black "Colledge, Dave"]
[Result "1-0"]
[WhiteElo "1798"]
[BlackElo "1763"]
[PlyCount "65"]
[EventDate "2021.11.20"]
[WhiteTeam "Chessable White Rose 3"]
[BlackTeam "Bradford DCA Knights B"]

1. e4 d5 2. exd5 Nf6 3. Bb5+ Nbd7 4. Nc3 a6 5. Ba4 b5 6. Bb3 Nc5 7. Nf3 Nxb3 8.
axb3 Bb7 9. O-O Nxd5 10. Re1 e6 11. Ne4 Be7 12. d3 Nf6 13. Qe2 Nxe4 14. dxe4
O-O 15. Bd2 c5 16. Ba5 Qc8 17. Rad1 Bd8 18. Bxd8 Rxd8 19. Rxd8+ Qxd8 20. Rd1
Qe7 21. Qd3 h6 22. Ne1 Bc6 23. f3 Kf8 24. Qd6 Qxd6 25. Rxd6 Rc8 26. Nd3 Ke7 27.
e5 Bb7 28. Rb6 Rc7 29. c3 Bd5 30. b4 cxb4 31. Nxb4 Bc4 32. Rxa6 Rd7 33. Nc6+
1-0

[Event "4NCL Division 3 North"]
[Site "Doncaster, ENG"]
[Date "2021.11.20"]
[Round "1.35"]
[White "Connor, Michael I"]
[Black "Holroyd-Doveton, Nathaniel"]
[Result "1-0"]
[WhiteElo "1593"]
[BlackElo "1718"]
[PlyCount "115"]
[EventDate "2021.11.20"]
[WhiteTeam "Bradford DCA Knights B"]
[BlackTeam "Chessable White Rose 3"]

1. d4 e6 2. c4 d5 3. g3 dxc4 4. Bg2 Nf6 5. Nf3 c5 6. O-O Nc6 7. dxc5 Qxd1 8.
Rxd1 Bxc5 9. Nbd2 O-O 10. Nxc4 Ng4 11. e3 Rd8 12. Bd2 Bd7 13. h3 Nf6 14. Bc3
Nd5 15. Be1 Be8 16. a3 Nb6 17. Nce5 Rxd1 18. Rxd1 Rd8 19. Rc1 Be7 20. Nxc6 Bxc6
21. Nd4 Bxg2 22. Kxg2 Rc8 23. Bc3 Na4 24. Bd2 Rxc1 25. Bxc1 Bf6 26. Kf3 Kf8 27.
b3 Nb6 28. a4 Ke8 29. Nb5 Nc8 30. g4 a6 31. Na3 Nd6 32. e4 Bd4 33. Nc2 Bc5 34.
e5 Nc8 35. b4 Ba7 36. Na3 Kd7 37. Ke2 Nb6 38. a5 Nd5 39. Bd2 Bd4 40. f4 Bc3 41.
Bxc3 Nxc3+ 42. Kf3 Kc6 43. Nc4 Kb5 44. Nd6+ Kxb4 45. Nxf7 Kxa5 46. Nd8 b5 47.
Nxe6 b4 48. Nd4 Ka4 49. f5 b3 50. Nxb3 Kxb3 51. f6 gxf6 52. exf6 a5 53. f7 a4
54. f8=Q a3 55. Qf7+ Kb2 56. Qxh7 a2 57. Qa7 Nb1 58. Qxa2+ 1-0

[Event "4NCL Division 3 North"]
[Site "Doncaster, ENG"]
[Date "2021.11.20"]
[Round "1.36"]
[White "Gibbs, Steve J"]
[Black "Grobler, David"]
[Result "0-1"]
[WhiteElo "1758"]
[BlackElo "1664"]
[PlyCount "60"]
[EventDate "2021.11.20"]
[WhiteTeam "Chessable White Rose 3"]
[BlackTeam "Bradford DCA Knights B"]

1. d4 Nf6 2. Nf3 d5 3. Bf4 c5 4. c3 Nc6 5. e3 e6 6. Bd3 Bd6 7. Nbd2 Bxf4 8.
exf4 cxd4 9. cxd4 O-O 10. O-O Qb6 11. Nb3 Bd7 12. Ne5 Rfd8 13. Nxc6 Bxc6 14.
Qe2 Rac8 15. Rac1 Ne4 16. Rfe1 a5 17. Nc5 Nxc5 18. Rxc5 Bd7 19. Rec1 Rxc5 20.
Rxc5 Rc8 21. Qc2 Rxc5 22. dxc5 Qb4 23. Bxh7+ Kh8 24. g3 Qe1+ 25. Kg2 f5 26. Qb3
Bc6 27. Bg6 d4+ 28. f3 Qe2+ 29. Kh3 Bxf3 30. Qb6 Bg2+ 0-1

[Event "4NCL Division 3 North"]
[Site "Doncaster, ENG"]
[Date "2021.11.20"]
[Round "1.41"]
[White "Carleton, John J"]
[Black "Taylor, Mark"]
[Result "1/2-1/2"]
[WhiteElo "2209"]
[BlackElo "1835"]
[PlyCount "66"]
[EventDate "2021.11.20"]
[WhiteTeam "Spirit of Atticus"]
[BlackTeam "Manchester Manticores 3"]

1. d4 Nf6 2. c4 d6 3. Nf3 g6 4. Nc3 Bg7 5. e4 O-O 6. Be2 Nc6 7. d5 Nb8 8. Bg5
Re8 9. Nd2 e6 10. O-O c6 11. dxe6 Bxe6 12. Nb3 Na6 13. Qd2 Qd7 14. Qf4 Ng4 15.
Bxg4 Bxg4 16. Bf6 Be6 17. Bxg7 Kxg7 18. Rfd1 Bxc4 19. Rxd6 Qe7 20. Nd2 Be6 21.
e5 f5 22. Nf3 Rad8 23. Rad1 Rxd6 24. Rxd6 Nc7 25. h4 h6 26. Qd2 a6 27. h5 g5
28. Nd4 Bc8 29. Rg6+ Kh7 30. f4 g4 31. Qe3 Qh4 32. Nde2 Qe1+ 33. Kh2 Qh4+
1/2-1/2

[Event "4NCL Division 3 North"]
[Site "Doncaster, ENG"]
[Date "2021.11.20"]
[Round "1.42"]
[White "Gawne, Martin"]
[Black "Crocker, Philip J"]
[Result "0-1"]
[WhiteElo "1812"]
[BlackElo "2085"]
[PlyCount "78"]
[EventDate "2021.11.20"]
[WhiteTeam "Manchester Manticores 3"]
[BlackTeam "Spirit of Atticus"]

1. d4 d5 2. Bf4 c5 3. e3 Nc6 4. c3 Bf5 5. Bd3 Bxd3 6. Qxd3 e6 7. Nd2 Nf6 8. h3
Bd6 9. Bxd6 Qxd6 10. Ngf3 O-O 11. O-O Rad8 12. Rfd1 e5 13. dxe5 Nxe5 14. Nxe5
Qxe5 15. Nf3 Qe7 16. c4 h6 17. Rac1 b6 18. cxd5 Rxd5 19. Qb3 Rfd8 20. Rxd5 Rxd5
21. Rd1 c4 22. Qc2 Qe4 23. Qe2 b5 24. Rxd5 Nxd5 25. Nd4 Qb1+ 26. Kh2 Qxa2 27.
Qh5 c3 28. bxc3 Nxc3 29. Nxb5 Qa5 30. Qc5 Qxb5 31. Qc8+ Kh7 32. Qxc3 a5 33.
Qc2+ g6 34. Qc3 a4 35. g4 Qb3 36. Qf6 a3 37. h4 Qe6 38. Qd4 a2 39. Qa4 Qe5+ 0-1

[Event "4NCL Division 3 North"]
[Site "Doncaster, ENG"]
[Date "2021.11.20"]
[Round "1.43"]
[White "Ackley, Peter J E"]
[Black "Jayawarna, Thisumi"]
[Result "1-0"]
[WhiteElo "2008"]
[BlackElo "1687"]
[PlyCount "119"]
[EventDate "2021.11.20"]
[WhiteTeam "Spirit of Atticus"]
[BlackTeam "Manchester Manticores 3"]

1. Nf3 Nf6 2. g3 g6 3. Bg2 Bg7 4. O-O d6 5. c4 O-O 6. Nc3 Nc6 7. Rb1 a5 8. a3
e5 9. d3 Bd7 10. b4 axb4 11. axb4 Rb8 12. b5 Na5 13. Ne1 b6 14. Nc2 Nb7 15. Nb4
Qc8 16. Nc6 Bxc6 17. Bxc6 Nc5 18. Bg5 Ne6 19. Bxf6 Bxf6 20. Nd5 Qd8 21. Nb4 Nc5
22. Bg2 Qd7 23. e3 Bg7 24. Ra1 Kh8 25. Ra7 f5 26. Nd5 Ne6 27. f4 exf4 28. gxf4
Qd8 29. Rf2 Bf6 30. Nb4 Qd7 31. Bc6 Qg7 32. Bd5 Nc5 33. d4 Ne4 34. Bxe4 fxe4
35. Nd5 Rf7 36. Qa1 Rc8 37. Ra8 Qf8 38. Raa2 Qh6 39. Qb1 Re8 40. Ra7 Qg7 41.
Qa1 Kg8 42. Rfa2 Rd7 43. Ra8 Rdd8 44. Rxd8 Rxd8 45. Ra8 Bh4 46. Rxd8+ Bxd8 47.
Qa8 Qf8 48. Qc8 Kg7 49. h3 Be7 50. Qxc7 Kf7 51. Qxe7+ Qxe7 52. Nxe7 Kxe7 53.
Kf2 Ke6 54. Ke2 Kf5 55. c5 Ke6 56. d5+ Kd7 57. c6+ Kc7 58. Kd2 Kb8 59. Kc3 Kc7
60. Kd4 1-0

[Event "4NCL Division 3 North"]
[Site "Doncaster, ENG"]
[Date "2021.11.20"]
[Round "1.44"]
[White "Jayawarna, Tarini"]
[Black "Latham, David"]
[Result "0-1"]
[WhiteElo "1690"]
[BlackElo "2083"]
[PlyCount "64"]
[EventDate "2021.11.20"]
[WhiteTeam "Manchester Manticores 3"]
[BlackTeam "Spirit of Atticus"]

1. e4 c6 2. d4 d5 3. Nc3 dxe4 4. Nxe4 Nd7 5. Nf3 Ndf6 6. Nxf6+ Nxf6 7. Bc4 Bf5
8. O-O e6 9. c3 Bd6 10. Re1 Qc7 11. h3 O-O 12. a4 b6 13. Ne5 Nd7 14. Nd3 c5 15.
d5 e5 16. f3 Kh8 17. Nf2 Bg6 18. Ne4 h6 19. Be3 f5 20. Nxd6 Qxd6 21. Bf2 e4 22.
fxe4 fxe4 23. Re3 Rxf2 24. Kxf2 Qf4+ 25. Ke2 Ne5 26. Ba6 Bh5+ 27. g4 Nxg4 28.
Qg1 Nxe3+ 29. Kd2 Nc4+ 30. Kc2 Qd2+ 31. Kb3 Qxb2+ 32. Kxc4 Be2# 0-1

[Event "4NCL Division 3 North"]
[Site "Doncaster, ENG"]
[Date "2021.11.20"]
[Round "1.45"]
[White "Mort, Andrew J"]
[Black "Grindrod, John"]
[Result "1/2-1/2"]
[WhiteElo "1800"]
[BlackElo "1653"]
[PlyCount "77"]
[EventDate "2021.11.20"]
[WhiteTeam "Spirit of Atticus"]
[BlackTeam "Manchester Manticores 3"]

1. c4 Nf6 2. g3 g6 3. Bg2 Bg7 4. Nc3 c5 5. a3 Nc6 6. Nf3 O-O 7. O-O d6 8. Rb1
Rb8 9. b4 b6 10. Qc2 Bd7 11. h3 Qc8 12. Kh2 Re8 13. d3 e5 14. Nb5 Bf8 15. e4 a6
16. Nc3 Bg7 17. Bd2 h6 18. Qc1 Kh7 19. Ne2 Ne7 20. Nfg1 Bc6 21. f4 Neg8 22.
bxc5 bxc5 23. fxe5 dxe5 24. Nc3 Qd7 25. Nd5 Qd6 26. Ne2 Rxb1 27. Qxb1 Rb8 28.
Qc2 Qd7 29. Nec3 Qd6 30. Be3 Be8 31. Rb1 Nd7 32. Na4 Bf8 33. Rb2 Kg7 34. Qb1
Rxb2 35. Qxb2 Ngf6 36. Qb7 Nxd5 37. cxd5 c4 38. dxc4 Qxa3 39. c5 1/2-1/2

[Event "4NCL Division 3 North"]
[Site "Doncaster, ENG"]
[Date "2021.11.20"]
[Round "1.46"]
[White "Wilson, Jeff"]
[Black "Brown, Geoffrey D"]
[Result "0-1"]
[WhiteElo "1458"]
[BlackElo "1718"]
[PlyCount "108"]
[EventDate "2021.11.20"]
[WhiteTeam "Manchester Manticores 3"]
[BlackTeam "Spirit of Atticus"]

1. e4 b6 2. d4 Bb7 3. Nc3 e6 4. a3 Nf6 5. Bd3 c5 6. Nf3 d5 7. e5 Ne4 8. O-O
Nxc3 9. bxc3 c4 10. Be2 Be7 11. Ne1 O-O 12. f4 f6 13. Bg4 f5 14. Bh3 Qe8 15. g4
Na6 16. gxf5 exf5 17. Kh1 Nc7 18. a4 Ne6 19. a5 b5 20. Ba3 Bxa3 21. Rxa3 Qe7
22. Ra1 Qh4 23. Qf3 Rae8 24. Ng2 Qd8 25. Ne3 g6 26. Bg2 Nc7 27. Qh3 Re6 28.
Rfb1 Qd7 29. Nxc4 dxc4 30. Bxb7 a6 31. Rd1 Nd5 32. Bxd5 Qxd5+ 33. Qg2 Rd8 34.
Qxd5 Rxd5 35. h4 Kf7 36. Kg2 Re8 37. Kf3 Ke6 38. Rh1 Rd7 39. h5 Rg8 40. hxg6
hxg6 41. Rh6 Rdg7 42. d5+ Kxd5 43. Rd1+ Kc5 44. Rd6 b4 45. cxb4+ Kxb4 46. Rxa6
Kb5 47. Rd6 Kxa5 48. Rh1 Kb4 49. Ke2 g5 50. fxg5 Rxg5 51. c3+ Kxc3 52. Rc1+ Kb4
53. Rc6 Rg2+ 54. Kf3 R2g4 0-1

[Event "4NCL Division 3 North"]
[Site "Bolton, ENG"]
[Date "2022.04.30"]
[Round "5.11"]
[White "Winter, Kevin"]
[Black "Geue, Niklas"]
[Result "0-1"]
[WhiteElo "1690"]
[BlackElo "2125"]
[PlyCount "80"]
[EventDate "2022.04.30"]
[WhiteTeam "Bradford DCA Knights B"]
[BlackTeam "Manchester Manticores 2"]

1. e4 e6 2. d4 d5 3. e5 c5 4. c3 Nc6 5. Nf3 Bd7 6. Bd3 cxd4 7. cxd4 Qb6 8. O-O
Nxd4 9. Nbd2 Nxf3+ 10. Nxf3 Bb5 11. Be3 Qa6 12. Bxb5+ Qxb5 13. Nd4 Qd7 14. Qd3
Ne7 15. Rac1 Nc6 16. Nxc6 bxc6 17. Qa6 Rc8 18. Qxa7 Be7 19. a3 c5 20. Qa5 d4
21. Bf4 O-O 22. Qd2 Qb5 23. Rb1 Qb3 24. Rfd1 Rb8 25. Qe2 Rfd8 26. Qg4 d3 27.
Bh6 Bf8 28. Be3 c4 29. h4 c3 30. bxc3 Qxb1 31. Rxb1 Rxb1+ 32. Kh2 d2 33. Bxd2
Rxd2 34. Qe4 Rb3 35. h5 Rxc3 36. h6 g6 37. g4 Rxf2+ 38. Kg1 Ra2 39. Qb1 Bc5+
40. Kh1 Rh3# 0-1

[Event "4NCL Division 3 North"]
[Site "Bolton, ENG"]
[Date "2022.04.30"]
[Round "5.13"]
[White "Connor, Michael I"]
[Black "Norris, Ethan"]
[Result "0-1"]
[WhiteElo "1573"]
[BlackElo "2000"]
[PlyCount "94"]
[EventDate "2022.04.30"]
[WhiteTeam "Bradford DCA Knights B"]
[BlackTeam "Manchester Manticores 2"]

1. d4 d5 2. c4 dxc4 3. e4 e5 4. d5 f5 5. Nc3 Nf6 6. Bg5 h6 7. Bxf6 Qxf6 8. Bxc4
Bd6 9. Nf3 O-O 10. O-O a6 11. a4 f4 12. Be2 g5 13. Ne1 Qg7 14. f3 h5 15. Rc1
Nd7 16. Nd3 Nf6 17. Qe1 Kh8 18. Nd1 Rg8 19. Qc3 Qe7 20. N1f2 Rg7 21. Rfe1 Bd7
22. b3 Rag8 23. Red1 g4 24. Ne1 g3 25. hxg3 Rxg3 26. Nh1 R3g5 27. Bf1 b6 28.
Nd3 h4 29. Rc2 h3 30. Qb2 Qh7 31. Ne1 Qh4 32. Bxa6 hxg2 33. Nxg2 Bc5+ 34. Rxc5
Rxg2+ 35. Qxg2 Rxg2+ 36. Kxg2 bxc5 37. Kg1 Bh3 38. Bf1 Nxe4 39. a5 Bxf1 40.
Rxf1 Qg5+ 41. Kh2 Ng3 42. Rg1 Qh6+ 43. Kg2 Qa6 44. Nxg3 fxg3 45. Ra1 Kg7 46.
Kxg3 Kf6 47. Ra4 Ke7 0-1

[Event "4NCL Division 3 North"]
[Site "Bolton, ENG"]
[Date "2022.04.30"]
[Round "5.21"]
[White "Mitchell, Martin"]
[Black "Surtees, Mike J"]
[Result "1-0"]
[WhiteElo "2194"]
[BlackElo "2130"]
[PlyCount "45"]
[EventDate "2022.04.30"]
[WhiteTeam "Spirit of Atticus"]
[BlackTeam "Bolton"]

1. d4 c6 2. c4 f6 3. Nc3 e5 4. Nf3 Bb4 5. dxe5 Bxc3+ 6. bxc3 Qa5 7. Qd4 Na6 8.
g3 Nc5 9. Qe3 f5 10. Bg2 Ne7 11. O-O b6 12. a4 Nb3 13. Ba3 c5 14. Rab1 Qxa4 15.
Nd2 Nxd2 16. Qxd2 Nc6 17. Qd6 Bb7 18. Bxc5 bxc5 19. Rxb7 Nd8 20. Rc7 Nf7 21.
Qxc5 Rd8 22. e6 Ng5 23. exd7+ 1-0

[Event "4NCL Division 3 North"]
[Site "Bolton, ENG"]
[Date "2022.04.30"]
[Round "5.22"]
[White "Sakic, Lorand"]
[Black "Crocker, Philip J"]
[Result "0-1"]
[WhiteElo "1993"]
[BlackElo "2089"]
[PlyCount "130"]
[EventDate "2022.04.30"]
[WhiteTeam "Bolton"]
[BlackTeam "Spirit of Atticus"]

1. e4 d6 2. d4 Nf6 3. Bd3 e5 4. Ne2 exd4 5. Nxd4 g6 6. Bg5 Bg7 7. Nc3 Nc6 8.
Bb5 Bd7 9. Nde2 h6 10. Bh4 g5 11. Bg3 Nh5 12. Qd2 a6 13. Ba4 b5 14. Bb3 b4 15.
Nd5 Bxb2 16. Rb1 Bg7 17. Nxb4 Nxg3 18. hxg3 Nxb4 19. Qxb4 O-O 20. O-O Kh8 21.
Qd2 Qe7 22. Rfe1 Be6 23. Nd4 Qf6 24. Nf3 Qc3 25. Qd1 a5 26. Re3 Qc5 27. a4 Rab8
28. Bxe6 fxe6 29. Rxb8 Rxb8 30. Rb3 Rb4 31. Qd3 Qc4 32. Rxb4 Qxb4 33. Qb3 Qxb3
34. cxb3 d5 35. exd5 exd5 36. Kf1 Kg8 37. Ke2 Kf7 38. Kd3 c5 39. Ne1 Bd4 40.
Ke2 Ke6 41. g4 c4 42. Nc2 Ke5 43. bxc4 dxc4 44. Ne3 Bxe3 45. Kxe3 Kd5 46. g3 c3
47. Kd3 c2 48. Kxc2 Ke4 49. Kd2 Kf3 50. Ke1 Kxg4 51. Ke2 h5 52. Kf1 Kf3 53. Kg1
Ke4 54. Kg2 g4 55. Kf1 Kd3 56. Ke1 Kc3 57. Ke2 Kb4 58. Ke3 Kxa4 59. Kf4 Kb5 60.
Kg5 a4 61. Kxh5 a3 62. Kxg4 a2 63. f4 a1=Q 64. f5 Kc6 65. Kg5 Qg7+ 0-1

[Event "4NCL Division 3 North"]
[Site "Bolton, ENG"]
[Date "2022.04.30"]
[Round "5.23"]
[White "Phillips, David A"]
[Black "Doherty, Paul"]
[Result "1-0"]
[WhiteElo "2050"]
[BlackElo "1738"]
[PlyCount "111"]
[EventDate "2022.04.30"]
[WhiteTeam "Spirit of Atticus"]
[BlackTeam "Bolton"]

1. Nf3 e6 2. g3 f5 3. Bg2 Nf6 4. d3 Be7 5. c4 O-O 6. Nc3 Nc6 7. O-O d6 8. d4
Qe8 9. Bg5 Qh5 10. Bxf6 Bxf6 11. d5 exd5 12. Nxd5 Bd8 13. e3 Ne7 14. Nd4 Qh6
15. b4 c6 16. Nxe7+ Bxe7 17. b5 c5 18. Ne2 Rb8 19. Nf4 g5 20. Nd5 Qg7 21. Qd2
Be6 22. f4 g4 23. Rad1 Rfd8 24. Rfe1 Bf6 25. Nxf6+ Qxf6 26. Bd5 Rd7 27. e4 fxe4
28. Rxe4 Bxd5 29. Qxd5+ Qf7 30. Re6 Rbd8 31. Rde1 Rf8 32. a4 Kh8 33. Rxd6 Qxd5
34. Rxd5 Rxd5 35. cxd5 Rd8 36. Re5 Rd7 37. a5 c4 38. Kf1 c3 39. Ke2 Kg7 40. Kd3
Kf6 41. Kxc3 Rc7+ 42. Kd3 Rc1 43. Re2 Rc5 44. Kd4 Rxb5 45. Re6+ Kf7 46. a6 b6
47. Rh6 Kg7 48. Rc6 h5 49. Ke5 Rb2 50. Rc7+ Kg6 51. Rxa7 b5 52. f5+ Kg5 53.
Rg7+ Kh6 54. Rg6+ Kh7 55. d6 b4 56. a7 1-0

[Event "4NCL Division 3 North"]
[Site "Bolton, ENG"]
[Date "2022.04.30"]
[Round "5.24"]
[White "Nagy, Viktor"]
[Black "Ackley, Peter J E"]
[Result "0-1"]
[WhiteElo "1724"]
[BlackElo "2002"]
[PlyCount "100"]
[EventDate "2022.04.30"]
[WhiteTeam "Bolton"]
[BlackTeam "Spirit of Atticus"]

1. Nf3 d6 2. b3 e5 3. e4 Nf6 4. d3 g6 5. Bb2 Bg7 6. Be2 O-O 7. c4 Nbd7 8. Nc3
Nc5 9. O-O a5 10. a3 Re8 11. b4 Ne6 12. Nd5 c6 13. Nxf6+ Bxf6 14. Bc3 axb4 15.
axb4 Rxa1 16. Qxa1 Nf4 17. Re1 Nxe2+ 18. Rxe2 Bg4 19. Qa7 Qc8 20. Ra2 Bxf3 21.
gxf3 Qh3 22. Qe3 h6 23. Qe2 Bg5 24. Bd2 Bxd2 25. Rxd2 Ra8 26. Qd1 Qe6 27. Kg2
d5 28. exd5 cxd5 29. c5 d4 30. Qc2 Ra3 31. Qc1 Rc3 32. Rc2 Rxd3 33. Qxh6 Qf5
34. Qh3 Qxh3+ 35. Kxh3 Rxf3+ 36. Kg2 Rb3 37. Rc4 f6 38. Kf1 Kf7 39. Ke1 Ke6 40.
c6 bxc6 41. Rxc6+ Kf5 42. Rb6 Rh3 43. b5 Rxh2 44. Rb8 Ke4 45. b6 Kd3 46. Kf1
Rh1+ 47. Kg2 Rb1 48. b7 Ke2 49. Kg3 d3 50. f4 d2 0-1

[Event "4NCL Division 3 North"]
[Site "Bolton, ENG"]
[Date "2022.04.30"]
[Round "5.25"]
[White "Latham, David"]
[Black "Tzortzakos, Foivos-patrik"]
[Result "1-0"]
[WhiteElo "2083"]
[BlackElo "1650"]
[PlyCount "153"]
[EventDate "2022.04.30"]
[WhiteTeam "Spirit of Atticus"]
[BlackTeam "Bolton"]

1. d4 d5 2. Nf3 c6 3. g3 Nf6 4. Bg2 Bf5 5. O-O e6 6. c4 Bd6 7. Nc3 Nbd7 8. Nd2
O-O 9. e4 dxe4 10. Ndxe4 Bc7 11. Be3 Nxe4 12. Bxe4 Bxe4 13. Nxe4 Nf6 14. Bg5
Re8 15. Qf3 Qxd4 16. Bxf6 Qxc4 17. Qg4 g6 18. Qg5 Qb4 19. Bc3 Qxe4 20. Rfe1 Qf5
21. Qh4 Rad8 22. Rad1 Rd5 23. Rxd5 cxd5 24. Qd4 f6 25. Qxa7 Rb8 26. Qc5 Be5 27.
Bxe5 fxe5 28. Qd6 Rf8 29. f4 exf4 30. Qxe6+ Qxe6 31. Rxe6 fxg3 32. hxg3 Rd8 33.
Re7 b6 34. Re6 b5 35. Rf6 d4 36. Kf2 d3 37. Ke1 Rd5 38. Rb6 h5 39. Kd2 g5 40.
Re6 h4 41. gxh4 gxh4 42. Re4 h3 43. Rh4 h2 44. Rxh2 Kf7 45. Rh3 Ke6 46. Rxd3
Rc5 47. Rc3 Rh5 48. Kc2 Kd5 49. Kb3 Rh4 50. Rg3 Kc5 51. a3 Rf4 52. Kc3 Rc4+ 53.
Kd3 Rd4+ 54. Kc3 Rc4+ 55. Kb3 Rf4 56. Rg5+ Kc6 57. Kc3 b4+ 58. axb4 Kb6 59. Kb3
Rh4 60. Ka4 Rf4 61. Rg6+ Kb7 62. Ka5 Rf1 63. Rg7+ Kb8 64. b5 Rf5 65. b4 Rf2 66.
Ka6 Rf6+ 67. b6 Rf8 68. b5 Re8 69. Rb7+ Ka8 70. Rc7 Kb8 71. Rc6 Re7 72. Rc5 Re8
73. b7 Rh8 74. Rc6 Rg8 75. Rc8+ Rxc8 76. bxc8=Q+ Kxc8 77. Ka7 1-0

[Event "4NCL Division 3 North"]
[Site "Bolton, ENG"]
[Date "2022.04.30"]
[Round "5.26"]
[White "Busznyak, Arpad"]
[Black "Brown, Geoffrey D"]
[Result "0-1"]
[WhiteElo "1494"]
[BlackElo "1708"]
[PlyCount "88"]
[EventDate "2022.04.30"]
[WhiteTeam "Bolton"]
[BlackTeam "Spirit of Atticus"]

1. e4 c5 2. Nf3 d6 3. c3 Nc6 4. d4 cxd4 5. cxd4 g6 6. Nc3 Bg7 7. Be2 Nf6 8. O-O
O-O 9. b3 d5 10. e5 Ne4 11. Bb2 Nxc3 12. Bxc3 f6 13. Qd2 fxe5 14. Nxe5 Nxe5 15.
dxe5 e6 16. Rac1 Bd7 17. Bd4 b6 18. g3 Rc8 19. Ba6 Rxc1 20. Rxc1 Qb8 21. Qe3
Bc8 22. Bd3 Bb7 23. f4 Rc8 24. a4 Rc7 25. Qd2 Qc8 26. Rc3 Bf8 27. Qc2 Rxc3 28.
Qxc3 Qxc3 29. Bxc3 Bc5+ 30. Kf1 a5 31. Be1 Kf7 32. Bf2 Ke7 33. Bb5 Kd8 34. Ke2
Kc7 35. Be8 Bc6 36. Bf7 Kd7 37. Bg8 Ke7 38. h4 h5 39. Bxc5+ bxc5 40. Kd3 Bd7
41. Ke3 Kf8 42. Bxe6 Bxe6 43. Kd3 Ke7 44. Ke3 d4+ 0-1

[Event "4NCL Division 3 North"]
[Site "Bolton, ENG"]
[Date "2022.04.30"]
[Round "5.31"]
[White "Hutchinson, Joel"]
[Black "Ciuravin, Andrei"]
[Result "1/2-1/2"]
[WhiteElo "1864"]
[BlackElo "2076"]
[PlyCount "104"]
[EventDate "2022.04.30"]
[WhiteTeam "Manchester Manticores 3"]
[BlackTeam "Hull & East Riding Tigers"]

1. e4 c5 2. d4 cxd4 3. c3 d3 4. Bxd3 e6 5. c4 Nf6 6. h3 d6 7. Nf3 Qc7 8. Nc3 a6
9. O-O Be7 10. Bf4 Nbd7 11. Re1 Ne5 12. Rc1 b6 13. a3 O-O 14. b4 Nfd7 15. Nxe5
dxe5 16. Be3 a5 17. Nb5 Qb8 18. Qb3 axb4 19. axb4 Bb7 20. f3 Rc8 21. Red1 Bc6
22. Bf1 Bf8 23. Rc3 Nf6 24. Rcd3 h6 25. R3d2 Be8 26. Rd3 Be7 27. Bd2 Nh5 28.
Bc3 Nf4 29. R3d2 Ng6 30. Kh1 Rd8 31. Rxd8 Bxd8 32. Ra1 Rxa1 33. Bxa1 Bxb5 34.
cxb5 Qd6 35. Qd3 Be7 36. Qxd6 Bxd6 37. Bc3 Kf8 38. Kg1 Ke7 39. Kf2 f5 40. Bd3
Nf4 41. Bc2 g6 42. h4 Nh5 43. g3 f4 44. g4 Nf6 45. Bb3 Nd7 46. Ke2 Kf7 47. Be1
Be7 48. Kd3 Bd8 49. Bf2 Nf6 50. Be1 Ne8 51. Bc4 Nd6 52. Kc3 Ke7 1/2-1/2

[Event "4NCL Division 3 North"]
[Site "Bolton, ENG"]
[Date "2022.04.30"]
[Round "5.32"]
[White "Collinson, Mark I"]
[Black "Taylor, Mark"]
[Result "1-0"]
[WhiteElo "2048"]
[BlackElo "1839"]
[PlyCount "45"]
[EventDate "2022.04.30"]
[WhiteTeam "Hull & East Riding Tigers"]
[BlackTeam "Manchester Manticores 3"]

1. d4 Nf6 2. g3 e6 3. Bg2 c5 4. c4 cxd4 5. Nf3 e5 6. O-O Nc6 7. e3 dxe3 8. Bxe3
d6 9. Nc3 Be6 10. Nd5 Bxd5 11. cxd5 Nb8 12. Rc1 Nbd7 13. Qa4 Be7 14. Nh4 O-O
15. Nf5 Re8 16. Nxe7+ Rxe7 17. Rc2 a6 18. Qb4 Nf8 19. Bb6 Qe8 20. Rfc1 Rd7 21.
Bc7 b5 22. Qd2 g6 23. Bh3 1-0

[Event "4NCL Division 3 North"]
[Site "Bolton, ENG"]
[Date "2022.04.30"]
[Round "5.33"]
[White "Gawne, Martin"]
[Black "Vleeshhouwer, Douglas"]
[Result "0-1"]
[WhiteElo "1825"]
[BlackElo "2078"]
[PlyCount "110"]
[EventDate "2022.04.30"]
[WhiteTeam "Manchester Manticores 3"]
[BlackTeam "Hull & East Riding Tigers"]

1. d4 Nf6 2. Bf4 d6 3. Nf3 g6 4. e3 Bg7 5. Be2 O-O 6. h3 Nbd7 7. O-O Ne4 8. c4
e5 9. Bh2 Qe7 10. Nbd2 Nxd2 11. Qxd2 a5 12. Rfd1 Re8 13. Rac1 b6 14. dxe5 dxe5
15. Qd5 Rb8 16. b3 Nc5 17. Qd2 Bb7 18. Qc2 Be4 19. Qc3 Bxf3 20. gxf3 Qg5+ 21.
Bg3 f5 22. Kh1 f4 23. Bh2 Qh4 24. Kg2 Qg5+ 25. Kh1 Qh4 26. Kg2 g5 27. Qc2 Rf8
28. Rg1 Rf6 29. Bf1 Qh5 30. Qe2 Rbf8 31. e4 Rd6 32. Rd1 Rfd8 33. Rxd6 Rxd6 34.
Kh1 h6 35. Bg2 Nd3 36. Rb1 Rd4 37. Kg1 Bf8 38. Rd1 Nc5 39. Rd2 Ne6 40. Qd1 Ba3
41. Qc2 Qe8 42. Bf1 Qd7 43. Rxd4 Nxd4 44. Qd3 c6 45. Kg2 Qe7 46. Qc3 Bb4 47.
Qb2 Qc5 48. Bd3 Kf7 49. Qc1 Qd6 50. Qd1 Kf6 51. Bb1 Bc3 52. Bd3 Qa3 53. Qb1 Ke6
54. Bc2 Kd6 55. Bd1 Kc5 0-1

[Event "4NCL Division 3 North"]
[Site "Bolton, ENG"]
[Date "2022.04.30"]
[Round "5.34"]
[White "Gardiner, Eric D"]
[Black "Jayawarna, Thisumi"]
[Result "1/2-1/2"]
[WhiteElo "2063"]
[BlackElo "1730"]
[PlyCount "50"]
[EventDate "2022.04.30"]
[WhiteTeam "Hull & East Riding Tigers"]
[BlackTeam "Manchester Manticores 3"]

1. e4 c5 2. c3 d5 3. exd5 Qxd5 4. d4 e6 5. Nf3 Nf6 6. Be2 cxd4 7. cxd4 Nc6 8.
O-O Be7 9. Nc3 Qd6 10. h3 O-O 11. Be3 b6 12. Rc1 Bb7 13. Qd2 Rac8 14. Rfd1 Nd5
15. Nxd5 Qxd5 16. Bc4 Qd8 17. a3 Na5 18. Ba2 Bd6 19. b4 Bxf3 20. gxf3 Nc6 21.
Kg2 Qf6 22. Bg5 Qg6 23. Bb1 Qh5 24. Bf4 Bxf4 25. Qxf4 Rfd8 1/2-1/2

[Event "4NCL Division 3 North"]
[Site "Bolton, ENG"]
[Date "2022.04.30"]
[Round "5.35"]
[White "Barnett, Elliott"]
[Black "Kilshaw, Joe"]
[Result "0-1"]
[WhiteElo "1667"]
[BlackElo "2019"]
[PlyCount "50"]
[EventDate "2022.04.30"]
[WhiteTeam "Manchester Manticores 3"]
[BlackTeam "Hull & East Riding Tigers"]

1. d4 Nf6 2. Bf4 c5 3. d5 d6 4. c4 g6 5. Nc3 Bg7 6. e4 O-O 7. Nf3 Nbd7 8. Bd3
Ng4 9. Qd2 Qa5 10. Rc1 a6 11. b3 Rb8 12. O-O b5 13. cxb5 axb5 14. Nxb5 Rxb5 15.
Bxb5 Qxb5 16. Qc2 Ba6 17. h3 Nge5 18. Nxe5 Nxe5 19. a4 Qd3 20. Rfe1 Qxc2 21.
Rxc2 Nd3 22. Bd2 Nxe1 23. Bxe1 Rb8 24. b4 cxb4 25. Bxb4 Rxb4 0-1

[Event "4NCL Division 3 North"]
[Site "Bolton, ENG"]
[Date "2022.04.30"]
[Round "5.36"]
[White "Thompson, Keith"]
[Black "Wilson, Jeff"]
[Result "1-0"]
[WhiteElo "1932"]
[BlackElo "1447"]
[PlyCount "127"]
[EventDate "2022.04.30"]
[WhiteTeam "Hull & East Riding Tigers"]
[BlackTeam "Manchester Manticores 3"]

1. e4 e5 2. Nf3 Nc6 3. Bb5 a6 4. Ba4 Nf6 5. O-O Be7 6. Re1 b5 7. Bb3 d6 8. c3
O-O 9. h3 Bb7 10. d4 h6 11. Nbd2 Re8 12. Bc2 Bf8 13. d5 Nb8 14. b3 Nbd7 15. Nf1
Rc8 16. Ba3 Nb6 17. Ne3 c6 18. c4 c5 19. Qe2 b4 20. Bb2 Rc7 21. Nh2 Nc8 22. a3
a5 23. axb4 axb4 24. Ra2 Ne7 25. Nf5 Ng6 26. g3 Nh7 27. h4 Nf6 28. Rea1 Ne7 29.
Ne3 Ng6 30. h5 Ne7 31. Bc1 Kh7 32. Qf3 Neg8 33. Qe2 Qd7 34. g4 g6 35. Qf3 Bc8
36. hxg6+ fxg6 37. Ra8 Bg7 38. Qg3 Rf8 39. Qh4 g5 40. Qg3 Ne7 41. Nf5 Nxf5 42.
gxf5 Nh5 43. Qf3 Nf4 44. R1a2 Qf7 45. Bd2 Qh5 46. Qxh5 Nxh5 47. Bd1 Nf6 48. Bf3
Rd8 49. Ng4 Nxg4 50. Bxg4 Bf6 51. Bh5 Kg7 52. Kg2 Rh8 53. R2a7 Rd7 54. Rxd7+
Bxd7 55. Ra7 Rd8 56. Be8 Rxe8 57. Rxd7+ Be7 58. Ra7 Kf6 59. Kg3 Rh8 60. Kg4 Rh7
61. Kh5 Rh8 62. Be3 Rg8 63. Ra6 Rh8 64. Bxc5 1-0